[Event "RUS-chT1 (Women)"]
[Site "Sochi"]
[Date "2004.04.26"]
[Round "7.2"]
[White "Khusnutdinova, Luiza"]
[Black "Sirotkina, Nina"]
[Result "0-1"]
[WhiteElo "2233"]
[BlackElo "2229"]
[PlyCount "86"]
[EventDate "2004.04.20"]
[EventType "team-tourn"]
[EventRounds "9"]
[EventCountry "RUS"]
[SourceTitle "CBM 100 Extra"]
[Source "ChessBase"]
[SourceDate "2004.07.06"]
[SourceVersion "2"]
[SourceVersionDate "2004.07.06"]
[SourceQuality "1"]
[WhiteTeam "08"]
[BlackTeam "03"]
[WhiteTeamCountry "RUS"]
[BlackTeamCountry "RUS"]

1. d4 Nf6 2. Nf3 e6 3. c4 b6 4. g3 Ba6 5. b3 Bb4+ 6. Bd2 Be7 7. Bg2 c6 8. 0-0 d5 9. Qc2 Nbd7 10. a4 0-0 11. Na3 Rc8 12. b4 c5 13. dxc5 bxc5 14. b5 Bb7 15. e3 d4 16. Rfd1 Be4 17. Qb2 e5 18. Be1 Qc7 19. Nb1 Bb7 20. Qa3 h6 21. exd4 exd4 22. Nxd4 cxd4 23. Qxe7 Bxg2 24. Kxg2 Qb7+ 25. Kg1 Rfe8 26. Qa3 Ne5 27. Nd2 Ne4 28. Nf3 Nxg3 29. fxg3 Nxf3+ 30. Kf2 Re3 31. Rd3 Rce8 32. Rxe3 Rxe3 33. Qxe3 dxe3+ 34. Kxe3 Qe7+ 35. Kf2 Nxe1 36. Rxe1 Qc5+ 37. Kf3 Qxc4 38. Re4 Qd5 39. Ke3 Qc5+ 40. Kd3 Qa3+ 41. Ke2 Qa2+ 42. Kf3 Qxh2 43. Kf4 g5+ 0-1

[Event "RUS-ch 1L (Women)"]
[Site "Serpukhov"]
[Date "2004.02.??"]
[Round "4"]
[White "Ambartsumova, Karina"]
[Black "Khusnutdinova, Luiza"]
[Result "1-0"]
[WhiteElo "2141"]
[BlackElo "2271"]
[PlyCount "59"]
[EventDate "2004.02.??"]
[EventType "swiss"]
[EventRounds "9"]
[EventCountry "RUS"]
[SourceTitle "EXT 2005"]
[Source "ChessBase"]
[SourceDate "2004.11.15"]
[SourceVersion "1"]
[SourceVersionDate "2004.11.15"]
[SourceQuality "1"]

1. e4 c6 2. d4 d5 3. Nd2 dxe4 4. Nxe4 Nd7 5. Bc4 Ngf6 6. Ng5 e6 7. Qe2 Nb6 8. Bd3 h6 9. N5f3 c5 10. dxc5 Bxc5 11. Ne5 Qc7 12. Ngf3 0-0 13. 0-0 Bd6 14. Re1 Nbd7 15. Bf4 Nd5 16. Bg3 Nc5 17. Bc4 Nb6 18. Rad1 Nxc4 19. Qxc4 Na6 20. Rxd6 Qxd6 21. Ng6 Qb6 22. Nxf8 Kxf8 23. Rd1 Kg8 24. Rd6 Qa5 25. Qd3 f5 26. Rd8+ Kh7 27. Be5 Qb4 28. Bc3 Qe7 29. Ne5 Qc7 30. Rf8 1-0

[Event "RUS-ch 1L (Women)"]
[Site "Serpukhov"]
[Date "2004.02.??"]
[Round "2"]
[White "Reutova, Lyudmila"]
[Black "Khusnutdinova, Luiza"]
[Result "0-1"]
[WhiteElo "2165"]
[BlackElo "2271"]
[PlyCount "66"]
[EventDate "2004.02.??"]
[EventType "swiss"]
[EventRounds "9"]
[EventCountry "RUS"]
[SourceTitle "EXT 2005"]
[Source "ChessBase"]
[SourceDate "2004.11.15"]
[SourceVersion "1"]
[SourceVersionDate "2004.11.15"]
[SourceQuality "1"]

1. d4 d5 2. Nf3 Nf6 3. c4 c6 4. Nc3 e6 5. e3 Nbd7 6. Bd3 dxc4 7. Bxc4 b5 8. Bd3 a6 9. 0-0 Bb7 10. Qe2 c5 11. b3 Be7 12. Bb2 0-0 13. Rac1 Qb6 14. Rfd1 Rfd8 15. Bb1 Rac8 16. h3 Bd6 17. dxc5 Nxc5 18. b4 Ncd7 19. a3 Bb8 20. e4 Nh5 21. e5 Nf4 22. Qd2 Nxe5 23. Qc2 Nxf3+ 24. gxf3 g6 25. Rxd8+ Qxd8 26. Rd1 Qg5+ 27. Kf1 Qg2+ 28. Ke1 Qg1+ 29. Kd2 Qxf2+ 30. Kc1 Ne2+ 31. Qxe2 Qxe2 32. Rd8+ Rxd8 33. Nxe2 Bxf3 0-1

[Event "RUS-ch 1L (Women) 54th"]
[Site "Sochi"]
[Date "2004.??.??"]
[Round "1"]
[White "Khusnutdinova, Luiza"]
[Black "Kursova, Maria"]
[Result "1-0"]
[WhiteElo "2233"]
[BlackElo "2329"]
[PlyCount "103"]
[EventDate "2004.05.13"]
[EventType "swiss"]
[EventRounds "9"]
[EventCountry "RUS"]
[SourceTitle "CBM 100 Extra"]
[Source "ChessBase"]
[SourceDate "2004.07.06"]
[SourceVersion "2"]
[SourceVersionDate "2004.07.06"]
[SourceQuality "1"]

1. d4 Nf6 2. Nf3 e6 3. e3 c5 4. Bd3 b6 5. b3 Be7 6. Bb2 0-0 7. 0-0 Bb7 8. Nbd2 Nc6 9. a3 Rc8 10. Qe2 cxd4 11. exd4 Nd5 12. Be4 Nf6 13. Bd3 Nd5 14. Bb5 f5 15. Rfd1 Bf6 16. Rac1 Nce7 17. Qe1 Qc7 18. Ne5 Bxe5 19. Qxe5 Ng6 20. Qxc7 Rxc7 21. g3 Rfc8 22. Bd3 Nc3 23. Bxc3 Rxc3 24. Bc4 Be4 25. Nxe4 fxe4 26. d5 e5 27. Re1 d6 28. Rxe4 Rc5 29. a4 Kf8 30. Re2 Ne7 31. f4 exf4 32. Rf1 f3 33. Bd3 Nxd5 34. Rxf3+ Nf6 35. Re6 Rd5 36. Rf2 Rc7 37. Bxh7 Re5 38. Rxe5 dxe5 39. Bd3 Ke7 40. Kg2 Kd6 41. Re2 Kd5 42. Bc4+ Kd4 43. c3+ Kxc3 44. Rxe5 Ng4 45. Re4 Nf6 46. Re3+ Kd2 47. Kf3 Rd7 48. g4 g5 49. Re6 Nh7 50. Ke4 Kc3 51. Kf5 Rd4 52. Rh6 1-0

[Event "RUS-ch 1L (Women) 54th"]
[Site "Sochi"]
[Date "2004.??.??"]
[Round "7"]
[White "Ovod, Evgenija"]
[Black "Khusnutdinova, Luiza"]
[Result "1-0"]
[WhiteElo "2373"]
[BlackElo "2233"]
[PlyCount "127"]
[EventDate "2004.05.13"]
[EventType "swiss"]
[EventRounds "9"]
[EventCountry "RUS"]
[SourceTitle "CBM 100 Extra"]
[Source "ChessBase"]
[SourceDate "2004.07.06"]
[SourceVersion "2"]
[SourceVersionDate "2004.07.06"]
[SourceQuality "1"]

1. d4 f5 2. c4 Nf6 3. Nc3 e6 4. Nf3 d5 5. Bf4 c6 6. e3 Be7 7. Qc2 0-0 8. h3 Ne4 9. g4 Kh8 10. a3 b6 11. gxf5 exf5 12. cxd5 cxd5 13. Nb5 a6 14. Nc7 Ra7 15. Rc1 Bd6 16. Bxd6 Nxd6 17. Bg2 f4 18. Nxd5 fxe3 19. Nxe3 Raf7 20. Ne5 Rf4 21. d5 Nf5 22. Nf7+ Rxf7 23. Qxc8 Rf8 24. Qxd8 Rxd8 25. Nxf5 Rxf5 26. 0-0 Nd7 27. Rc6 Rf6 28. Rfc1 Kg8 29. Rxf6 Nxf6 30. Rc6 Nxd5 31. Bxd5+ Rxd5 32. Rxb6 a5 33. Rb7 h6 34. a4 Kh7 35. Rb5 Rd3 36. h4 Kg6 37. h5+ Kf7 38. Kg2 Rd4 39. b3 Rd3 40. f3 Rc3 41. Kg3 g5 42. Kg4 Kg7 43. f4 gxf4 44. Kxf4 Rh3 45. Rxa5 Rxb3 46. Rb5 Rh3 47. a5 Rh4+ 48. Kg3 Ra4 49. Rf5 Rd4 50. Kf3 Rb4 51. Ke3 Ra4 52. Kd3 Rb4 53. Kc3 Re4 54. Kb3 Re1 55. Kc4 Ra1 56. Kb5 Rb1+ 57. Kc6 Rc1+ 58. Kb6 Rb1+ 59. Rb5 Ra1 60. a6 Re1 61. a7 Re6+ 62. Kb7 Re7+ 63. Kc6 Re8 64. Rb8 1-0

[Event "Bykova Memorial (Women)"]
[Site "Vladimir"]
[Date "2003.12.??"]
[Round "4"]
[White "Khusnutdinova, Luiza"]
[Black "Sudakova, Irina"]
[Result "0-1"]
[WhiteElo "2309"]
[BlackElo "2263"]
[PlyCount "146"]
[EventDate "2003.12.12"]
[EventType "tourn"]
[EventRounds "11"]
[EventCountry "RUS"]
[SourceTitle "EXT 2005"]
[Source "ChessBase"]
[SourceDate "2004.11.15"]
[SourceVersion "1"]
[SourceVersionDate "2004.11.15"]
[SourceQuality "1"]

1. d4 d5 2. Nf3 c6 3. c4 Nf6 4. Nc3 dxc4 5. a4 Bf5 6. e3 e6 7. Bxc4 Nbd7 8. 0-0 Bb4 9. Qe2 Bg4 10. Rd1 Qa5 11. Bd3 e5 12. h3 Bh5 13. Ne4 0-0 14. Ng3 Bxf3 15. Qxf3 exd4 16. exd4 Qd5 17. Qxd5 Nxd5 18. a5 a6 19. Bd2 Rad8 20. Ne4 Be7 21. Bg5 N7f6 22. Nc5 Bxc5 23. dxc5 Rfe8 24. Re1 h6 25. Bh4 Nb4 26. Bf1 g5 27. Rxe8+ Nxe8 28. Bg3 Rd2 29. Re1 Kf8 30. Re2 Rd5 31. Re3 Rxc5 32. Rb3 Nd5 33. Rxb7 Rxa5 34. Ra7 Rc5 35. Rxa6 Rc1 36. b3 Nc3 37. Rxc6 Ne2+ 38. Kh2 Rxf1 39. Rxh6 Nxg3 40. Kxg3 Kg7 41. Rb6 Nf6 42. f3 Rg1 43. Kf2 Rb1 44. g4 Rd1 45. Rb5 Kg6 46. Rf5 Rd3 47. b4 Nd5 48. b5 Nf6 49. Ke2 Rb3 50. Kf2 Ne8 51. Rd5 f6 52. Kg3 Nc7 53. Rd7 Ne6 54. Rd6 Nf4 55. Rd2 Rxb5 56. h4 Ne6 57. h5+ Kh6 58. Rd7 Nf4 59. Rf7 Rb2 60. Rxf6+ Kg7 61. Rxf4 gxf4+ 62. Kxf4 Kh6 63. Kf5 Rb6 64. f4 Ra6 65. Ke5 Rb6 66. Kf5 Rb5+ 67. Kf6 Ra5 68. Ke6 Ra1 69. Kf6 Rg1 70. f5 Rxg4 71. Ke7 Re4+ 72. Kf7 Rf4 73. Ke6 Kxh5 0-1

[Event "Bykova Memorial (Women)"]
[Site "Vladimir"]
[Date "2003.12.??"]
[Round "5"]
[White "Kursova, Maria"]
[Black "Khusnutdinova, Luiza"]
[Result "1/2-1/2"]
[WhiteElo "2264"]
[BlackElo "2309"]
[PlyCount "111"]
[EventDate "2003.12.12"]
[EventType "tourn"]
[EventRounds "11"]
[EventCountry "RUS"]
[SourceTitle "EXT 2005"]
[Source "ChessBase"]
[SourceDate "2004.11.15"]
[SourceVersion "1"]
[SourceVersionDate "2004.11.15"]
[SourceQuality "1"]

1. Nf3 d5 2. g3 Nf6 3. Bg2 Bf5 4. b3 e6 5. Bb2 Be7 6. 0-0 0-0 7. c4 Nbd7 8. d3 c6 9. Nbd2 h6 10. Qc2 Bh7 11. a3 a5 12. Bc3 b5 13. cxb5 cxb5 14. b4 axb4 15. Bxb4 Bxb4 16. axb4 Qc8 17. Qb2 Nb6 18. Rxa8 Qxa8 19. Nb3 Nfd7 20. Nfd4 Qb8 21. Nc5 Rc8 22. Nxd7 Nxd7 23. Ra1 Qe5 24. Ra5 Bf5 25. Qa1 Bg4 26. Bf1 Qg5 27. Ra8 Nb8 28. e3 Qe7 29. Rxb8 Rxb8 30. Nc6 Qc7 31. Nxb8 Qxb8 32. d4 f6 33. Qa6 e5 34. Qxb5 Qxb5 35. Bxb5 exd4 36. exd4 Kf8 37. Kf1 Ke7 38. Ke1 Kd6 39. Kd2 Kc7 40. Ke3 Be6 41. h4 g5 42. f4 Kb6 43. Be8 Ka6 44. hxg5 hxg5 45. Kd2 Bf5 46. Ba4 Be4 47. Bc2 Bg2 48. Bd3+ Kb6 49. Ke3 Bh1 50. Be2 Be4 51. fxg5 fxg5 52. Bf1 Bh1 53. Be2 Be4 54. Kf2 Bh1 55. Kg1 Be4 56. Kf2 1/2-1/2

[Event "RUS-Cup 300 years (Women)"]
[Site "St Petersburg"]
[Date "2003.10.24"]
[Round "7"]
[White "Khusnutdinova, Luiza"]
[Black "Egorova, Ekaterina"]
[Result "1-0"]
[WhiteElo "2301"]
[BlackElo "2121"]
[PlyCount "65"]
[EventDate "2003.10.18"]
[EventType "swiss"]
[EventRounds "9"]
[EventCountry "RUS"]
[SourceTitle "EXT 2004"]
[Source "ChessBase"]
[SourceDate "2003.11.25"]
[SourceVersion "1"]
[SourceVersionDate "2003.11.25"]
[SourceQuality "1"]

1. d4 d5 2. Nf3 c6 3. c4 e6 4. Nc3 Nf6 5. e3 Nbd7 6. Qc2 Bd6 7. Bd3 0-0 8. 0-0 h6 9. Bd2 Re8 10. Rfe1 e5 11. cxd5 cxd5 12. Nb5 Bb8 13. dxe5 Nxe5 14. Be2 Ne4 15. Bc3 Nxc3 16. Nxc3 Qd6 17. g3 Be6 18. Red1 a6 19. Nxe5 Qxe5 20. Bf3 Rd8 21. Qb3 Ba7 22. Bxd5 Bxd5 23. Nxd5 b5 24. Rac1 Rac8 25. Rxc8 Rxc8 26. Qa3 Rc5 27. Nf4 Qf6 28. Qb3 a5 29. Qd3 Qxb2 30. Qd8+ Kh7 31. Nd3 Qe2 32. Nxc5 Bxc5 33. Qd3+ 1-0

[Event "RUS-Cup 300 years (Women)"]
[Site "St Petersburg"]
[Date "2003.10.23"]
[Round "6"]
[White "Mednikova, Svetlana"]
[Black "Khusnutdinova, Luiza"]
[Result "1-0"]
[WhiteElo "2153"]
[BlackElo "2301"]
[PlyCount "51"]
[EventDate "2003.10.18"]
[EventType "swiss"]
[EventRounds "9"]
[EventCountry "RUS"]
[SourceTitle "EXT 2004"]
[Source "ChessBase"]
[SourceDate "2003.11.25"]
[SourceVersion "1"]
[SourceVersionDate "2003.11.25"]
[SourceQuality "1"]

1. Nf3 d5 2. b3 Bf5 3. Bb2 e6 4. e3 Nf6 5. Be2 h6 6. 0-0 Nbd7 7. d3 Be7 8. Nbd2 0-0 9. Nh4 Bh7 10. f4 c6 11. Qe1 Ne8 12. Nhf3 Nd6 13. Ne5 Nxe5 14. Bxe5 Nf5 15. Bg4 Qb6 16. Bxf5 Bxf5 17. Kh1 f6 18. Bb2 Rae8 19. e4 Bg6 20. Qg3 Kh7 21. f5 exf5 22. exf5 Bf7 23. Nf3 Qc5 24. Bd4 Qxc2 25. Rf2 Qxd3 26. Ng5+ 1-0

[Event "Athens Acropolis op (Women)"]
[Site "Athens"]
[Date "2003.08.30"]
[Round "6"]
[White "Khusnutdinova, Luiza"]
[Black "Karlovich, Anastazia"]
[Result "1/2-1/2"]
[WhiteElo "2309"]
[BlackElo "2273"]
[PlyCount "24"]
[EventDate "2003.08.25"]
[EventType "swiss"]
[EventRounds "9"]
[EventCountry "GRE"]
[SourceTitle "EXT 2004"]
[Source "ChessBase"]
[SourceDate "2003.11.25"]
[SourceVersion "1"]
[SourceVersionDate "2003.11.25"]
[SourceQuality "1"]

1. d4 Nf6 2. Nf3 c5 3. d5 b5 4. Bg5 Qb6 5. Bxf6 Qxf6 6. c3 d6 7. e4 a6 8. Nbd2 g5 9. Nb3 Bg7 10. Be2 Nd7 11. 0-0 Ne5 12. Nfd2 Bd7 1/2-1/2

[Event "RUS-ch U20 Girls"]
[Site "Essentuki"]
[Date "2003.03.12"]
[Round "10"]
[White "Dotdaeva, Aminat"]
[Black "Khusnutdinova, Luiza"]
[Result "1/2-1/2"]
[WhiteElo "2093"]
[BlackElo "2294"]
[PlyCount "133"]
[EventDate "2003.03.02"]
[EventType "swiss"]
[EventRounds "11"]
[EventCountry "RUS"]
[SourceTitle "CBM 093 Extra"]
[Source "ChessBase"]
[SourceDate "2003.05.09"]
[SourceVersion "1"]
[SourceVersionDate "2003.05.09"]
[SourceQuality "1"]

1. e4 c6 2. d4 d5 3. Nc3 dxe4 4. Nxe4 Nf6 5. Nxf6+ gxf6 6. Nf3 Bf5 7. h3 Nd7 8. Bd3 Bg6 9. 0-0 Qc7 10. Nh4 0-0-0 11. Nxg6 hxg6 12. Qf3 Qb6 13. c3 Rh5 14. Bc4 e6 15. a4 Bd6 16. b4 Qc7 17. a5 a6 18. Be3 Rdh8 19. Rfb1 g5 20. Kf1 f5 21. Ke1 Nf6 22. Bd3 Qe7 23. Kd1 g4 24. hxg4 fxg4 25. Qe2 Nd5 26. Kc2 f5 27. Bd2 e5 28. dxe5 Qxe5 29. Qxe5 Bxe5 30. Re1 Bd6 31. Kb3 Bf4 32. Ra2 Rd8 33. Bb1 Bc7 34. c4 Nf6 35. Bc3 Nd7 36. Rd2 f4 37. Re7 Rg5 38. Rf7 f3 39. gxf3 gxf3 40. Bf5 Rxf5 41. Rxf5 Rg8 42. Rxf3 Nf8 43. Rf7 Ne6 44. Re7 Nd8 45. Bf6 Bf4 46. Rd4 Bb8 47. f4 c5 48. Rd5 cxb4 49. Rc5+ Nc6 50. Rxc6+ bxc6 51. Be5 c5 52. Bxb8 Kxb8 53. Re5 Rg3+ 54. Kb2 Rf3 55. f5 Kc7 56. Rxc5+ Kd6 57. Rd5+ Kc6 58. Re5 Kd6 59. Re6+ Kc5 60. Rxa6 Rxf5 61. Ra8 Kxc4 62. a6 Rf2+ 63. Kc1 Ra2 64. a7 Kb3 65. Kb1 Ra6 66. Kc1 Ra1+ 67. Kd2 1/2-1/2

[Event "RUS-ch U20 Girls"]
[Site "Essentuki"]
[Date "2003.03.11"]
[Round "9"]
[White "Khusnutdinova, Luiza"]
[Black "Dultseva, Svetlana"]
[Result "1-0"]
[WhiteElo "2294"]
[BlackElo "2172"]
[PlyCount "103"]
[EventDate "2003.03.02"]
[EventType "swiss"]
[EventRounds "11"]
[EventCountry "RUS"]
[SourceTitle "CBM 093 Extra"]
[Source "ChessBase"]
[SourceDate "2003.05.09"]
[SourceVersion "1"]
[SourceVersionDate "2003.05.09"]
[SourceQuality "1"]

1. d4 d5 2. Nf3 Nf6 3. c4 c6 4. Nc3 e6 5. e3 Nbd7 6. Qc2 Bd6 7. Bd3 0-0 8. Bd2 a6 9. 0-0 dxc4 10. Bxc4 c5 11. Bd3 Rb8 12. Rfd1 b5 13. Ne4 Nxe4 14. Bxe4 f5 15. Bc6 c4 16. b3 Nb6 17. Ba5 cxb3 18. Qxb3 Qe7 19. Ne5 Bxe5 20. dxe5 Qc5 21. Bf3 Re8 22. Bb4 Qc4 23. Bd6 Bb7 24. Bxb8 Bxf3 25. gxf3 Rxb8 26. Rac1 Qxb3 27. axb3 a5 28. Rc5 Nd5 29. Ra1 a4 30. bxa4 bxa4 31. Rxa4 Rb1+ 32. Kg2 Rb2 33. Kg3 g5 34. Ra7 Rb8 35. Rc6 Re8 36. Rd6 f4+ 37. Kg4 fxe3 38. fxe3 Nxe3+ 39. Kxg5 Nf5 40. Rxe6 Rxe6 41. Kxf5 Rh6 42. Ra2 Kf7 43. f4 Ke7 44. Rg2 Rh5+ 45. Kg4 Rh6 46. f5 Ra6 47. Rb2 Ra7 48. Kg5 Rd7 49. Rb3 Kf7 50. Rh3 Kg7 51. f6+ Kf8 52. Kf5 1-0

[Event "RUS-ch U20 Girls"]
[Site "Essentuki"]
[Date "2003.03.08"]
[Round "6"]
[White "Khusnutdinova, Luiza"]
[Black "Malysheva, Polina"]
[Result "0-1"]
[WhiteElo "2294"]
[BlackElo "2137"]
[PlyCount "108"]
[EventDate "2003.03.02"]
[EventType "swiss"]
[EventRounds "11"]
[EventCountry "RUS"]
[SourceTitle "CBM 093 Extra"]
[Source "ChessBase"]
[SourceDate "2003.05.09"]
[SourceVersion "1"]
[SourceVersionDate "2003.05.09"]
[SourceQuality "1"]

1. d4 d5 2. Nf3 e6 3. c4 c5 4. e3 Nc6 5. a3 Nf6 6. Nc3 a6 7. cxd5 exd5 8. Be2 cxd4 9. Nxd4 Bd6 10. 0-0 0-0 11. Bf3 Be5 12. Nce2 Qc7 13. h3 Re8 14. b4 Bf5 15. Ra2 Be4 16. Rd2 Ne7 17. Bb2 Ng6 18. g3 h5 19. Bg2 Qd7 20. Nc3 Bxg2 21. Kxg2 h4 22. g4 Rac8 23. Rd3 Rc4 24. Na4 Bb8 25. Nc5 Qc7 26. Rh1 Ne4 27. Ncb3 Ne5 28. Rd2 Nxd2 29. Qxd2 Qd7 30. f3 b6 31. Nf5 Rec8 32. Nbd4 Qd8 33. Rd1 Nc6 34. Ne2 Ne7 35. Nfd4 Be5 36. Qd3 Ng6 37. f4 Bf6 38. Rd2 Qe8 39. g5 Bxd4 40. Nxd4 Qe4+ 41. Qxe4 dxe4 42. Kf2 Ne7 43. Ke2 f6 44. Ne6 Nf5 45. gxf6 gxf6 46. Nd4 Nxd4+ 47. Bxd4 R8c6 48. Bb2 Rc2 49. Kd1 Rxd2+ 50. Kxd2 f5 51. a4 b5 52. axb5 axb5 53. Bc3 Rg6 54. Ke2 Rg3 0-1

[Event "RUS-ch (Women) 1st League"]
[Site "Serpukhov"]
[Date "2003.02.23"]
[Round "4"]
[White "Sukhareva, Olga Mikhailovna"]
[Black "Khusnutdinova, Luiza"]
[Result "0-1"]
[WhiteElo "2109"]
[BlackElo "2294"]
[PlyCount "56"]
[EventDate "2003.02.20"]
[EventType "swiss"]
[EventRounds "9"]
[EventCountry "RUS"]
[SourceTitle "EXT 2004"]
[Source "ChessBase"]
[SourceDate "2003.11.25"]
[SourceVersion "1"]
[SourceVersionDate "2003.11.25"]
[SourceQuality "1"]

1. e4 c6 2. d4 d5 3. e5 Bf5 4. Nc3 a6 5. Be3 e6 6. g4 Bg6 7. Nge2 f6 8. Nf4 Bf7 9. Nd3 Nd7 10. f4 Qc7 11. b4 g5 12. exf6 gxf4 13. Bxf4 Qb6 14. g5 Qxd4 15. Ne2 Bxb4+ 16. Nxb4 Qxb4+ 17. Kf2 e5 18. c3 Qe4 19. Bg2 Qf5 20. h4 Ngxf6 21. gxf6 Qxf6 22. Rb1 Nc5 23. Qd2 exf4 24. Nxf4 0-0-0 25. Bh3+ Kb8 26. Qd4 Qxh4+ 27. Kf3 Ne4 28. Rhg1 Bh5+ 0-1

[Event "RUS-ch (Women) 1st League"]
[Site "Serpukhov"]
[Date "2003.02.20"]
[Round "1"]
[White "Khusnutdinova, Luiza"]
[Black "Kovaleva, Olga"]
[Result "0-1"]
[WhiteElo "2294"]
[BlackElo "2116"]
[PlyCount "72"]
[EventDate "2003.02.20"]
[EventType "swiss"]
[EventRounds "9"]
[EventCountry "RUS"]
[SourceTitle "EXT 2004"]
[Source "ChessBase"]
[SourceDate "2003.11.25"]
[SourceVersion "1"]
[SourceVersionDate "2003.11.25"]
[SourceQuality "1"]

1. d4 d5 2. Nf3 Nf6 3. c4 c6 4. Nc3 e6 5. e3 Nbd7 6. Qc2 Bd6 7. b3 0-0 8. Be2 e5 9. cxd5 cxd5 10. dxe5 Nxe5 11. Nd4 Bd7 12. 0-0 Rc8 13. Qb2 Bb4 14. Bd2 Qa5 15. Nb1 Ne4 16. Bxb4 Qxb4 17. a3 Qe7 18. Rd1 Qf6 19. f3 Ng4 20. Nd2 Nc3 21. fxg4 Nxe2+ 22. Kh1 Nxd4 23. Rf1 Rc2 24. Qb1 Qg6 25. Rd1 Bxg4 26. exd4 Bxd1 27. Qxd1 Rfc8 28. Qe1 h5 29. Rd1 h4 30. Qf1 h3 31. gxh3 R8c3 32. Qf2 Rc1 33. Qe2 Qe6 34. Qf1 Rxd1 35. Qxd1 Qe3 36. Nf1 Qf3+ 0-1

[Event "RUS Cup (Women)"]
[Site "Kazan"]
[Date "2003.??.??"]
[Round "3"]
[White "Khusnutdinova, Luiza"]
[Black "Garaeva, Gulnara"]
[Result "1-0"]
[WhiteElo "2294"]
[BlackElo "2114"]
[PlyCount "51"]
[EventDate "2003.??.??"]
[EventType "swiss"]
[EventRounds "9"]
[EventCountry "RUS"]
[SourceTitle "EXT 2005"]
[Source "ChessBase"]
[SourceDate "2004.11.15"]
[SourceVersion "1"]
[SourceVersionDate "2004.11.15"]
[SourceQuality "1"]

1. d4 b6 2. Nf3 Bb7 3. Nbd2 Nf6 4. c4 g6 5. g3 Bg7 6. Bg2 0-0 7. 0-0 d6 8. Qc2 c5 9. d5 e6 10. dxe6 fxe6 11. e4 d5 12. exd5 exd5 13. Ng5 Qe7 14. Ndf3 Nc6 15. Re1 Nd4 16. Qd1 Nxf3+ 17. Nxf3 Qd8 18. Ng5 Re8 19. Bf4 Ne4 20. cxd5 Nxf2 21. Qb3 Rc8 22. Ne6 c4 23. Nxd8 Rxe1+ 24. Rxe1 cxb3 25. Re8+ Bf8 26. Bh6 1-0

[Event "RUS-chT (Women)"]
[Site "Samara"]
[Date "2003.??.??"]
[Round "2"]
[White "Khusnutdinova, Luiza"]
[Black "Strelnikova, Elena"]
[Result "1-0"]
[WhiteElo "2294"]
[BlackElo "2144"]
[PlyCount "73"]
[EventDate "2003.??.??"]
[EventType "team"]
[EventRounds "7"]
[EventCountry "RUS"]
[SourceTitle "EXT 2005"]
[Source "ChessBase"]
[SourceDate "2004.11.15"]
[SourceVersion "1"]
[SourceVersionDate "2004.11.15"]
[SourceQuality "1"]

1. d4 e6 2. c4 f5 3. g3 Nf6 4. Bg2 c6 5. Nf3 d5 6. 0-0 Bd6 7. b3 Qe7 8. Bb2 0-0 9. Nbd2 Ne4 10. e3 Nd7 11. Qe2 Ndf6 12. Rad1 Bd7 13. Ne5 Nxd2 14. Qxd2 Be8 15. f3 b6 16. Qc2 Rc8 17. cxd5 Nxd5 18. Nc4 b5 19. Nxd6 Qxd6 20. Qd2 Bh5 21. Rc1 a5 22. Rfe1 Nf6 23. e4 fxe4 24. fxe4 Ng4 25. Qg5 g6 26. Rf1 Qb4 27. h3 h6 28. Qc5 Rxf1+ 29. Bxf1 Qd2 30. hxg4 Qe3+ 31. Kh2 Bxg4 32. Bg2 Bf3 33. Rc3 Qe2 34. Rxf3 Qxb2 35. Qe7 Qxd4 36. Qxe6+ Kh8 37. Qxc8+ 1-0

[Event "RUS Cup (Women)"]
[Site "Kazan"]
[Date "2003.??.??"]
[Round "2"]
[White "Shuvatkina, Tatyana V"]
[Black "Khusnutdinova, Luiza"]
[Result "1-0"]
[WhiteElo "2161"]
[BlackElo "2294"]
[PlyCount "65"]
[EventDate "2003.??.??"]
[EventType "swiss"]
[EventRounds "9"]
[EventCountry "RUS"]
[SourceTitle "EXT 2005"]
[Source "ChessBase"]
[SourceDate "2004.11.15"]
[SourceVersion "1"]
[SourceVersionDate "2004.11.15"]
[SourceQuality "1"]

1. Nf3 d5 2. d4 Nf6 3. c4 c6 4. Nc3 e6 5. e3 Nbd7 6. cxd5 exd5 7. Bd3 Bd6 8. Rb1 Qe7 9. Qc2 0-0 10. 0-0 Re8 11. b3 Ne4 12. Bb2 f5 13. Ne2 Rf8 14. Ne5 Bxe5 15. dxe5 Nxe5 16. Bxe4 fxe4 17. Bxe5 Qxe5 18. Qb2 Qg5 19. Kh1 Rf6 20. Nf4 Bf5 21. Qe5 Raf8 22. Rbc1 Rh6 23. Ne2 Qd8 24. f3 Re6 25. Qd4 a6 26. Rfd1 Qd6 27. Nf4 Rh6 28. g4 Bc8 29. g5 Rh4 30. fxe4 Bg4 31. Rd2 Re8 32. Re1 Rxe4 33. Qxe4 1-0

[Event "EU-Cup (Women) 07th"]
[Site "Antalya"]
[Date "2002.10.03"]
[Round "5.4"]
[White "Khusnutdinova, Luiza"]
[Black "Dzagnidze, Nana"]
[Result "1/2-1/2"]
[WhiteElo "2312"]
[BlackElo "2281"]
[PlyCount "98"]
[EventDate "2002.09.29"]
[EventType "team-swiss"]
[EventRounds "7"]
[EventCountry "TUR"]
[SourceTitle "EXT 2013"]
[Source "ChessBase"]
[SourceDate "2012.11.22"]
[SourceVersion "1"]
[SourceVersionDate "2012.11.22"]
[SourceQuality "1"]
[WhiteTeam "Kazan Ladya (W)"]
[BlackTeam "Tbilisi NTN (W)"]
[WhiteTeamCountry "RUS"]
[BlackTeamCountry "GEO"]

1. d4 Nf6 2. Nf3 e6 3. c4 Be7 4. Nc3 d5 5. Bf4 0-0 6. e3 a6 7. a4 b6 8. Bd3 dxc4 9. Bxc4 Bb7 10. h3 Nbd7 11. 0-0 c5 12. Qe2 Nd5 13. Bg3 N7f6 14. Rac1 cxd4 15. exd4 Nh5 16. Be5 Nhf4 17. Qd1 Rc8 18. Ne2 Bg5 19. Nxf4 Bxf4 20. Rc2 Bh6 21. Qe2 Qd7 22. b3 b5 23. axb5 axb5 24. Bxd5 Bxd5 25. Rxc8 Rxc8 26. Rb1 f6 27. Bg3 Bc1 28. Ne1 Rc3 29. Nd3 Ba3 30. Nf4 Rxb3 31. Rxb3 Bxb3 32. Qe3 g5 33. Nh5 Qf7 34. Qxb3 Be7 35. Nxf6+ Bxf6 36. Qxb5 h6 37. Qc5 Bg7 38. Qd6 Bf8 39. Qd8 Kh7 40. h4 gxh4 41. Bxh4 Bg7 42. Bg3 Qh5 43. f3 Qf5 44. Qd7 Kg6 45. Qd6 Bf6 46. Kh2 Qh5+ 47. Kg1 Qf5 48. Kh2 Qh5+ 49. Kg1 Qf5 1/2-1/2

[Event "EU-ch U20 Girls"]
[Site "Baku"]
[Date "2002.07.20"]
[Round "7"]
[White "Khusnutdinova, Luiza"]
[Black "Hodova, Lucie"]
[Result "0-1"]
[WhiteElo "2312"]
[BlackElo "2060"]
[PlyCount "146"]
[EventDate "2002.07.14"]
[EventType "swiss"]
[EventRounds "11"]
[EventCountry "AZE"]
[SourceTitle "CBM 089 Extra"]
[Source "ChessBase"]
[SourceDate "2002.09.10"]
[SourceVersion "2"]
[SourceVersionDate "2002.09.10"]
[SourceQuality "1"]

1. d4 Nf6 2. Nf3 c5 3. d5 e6 4. c4 exd5 5. cxd5 d6 6. Nc3 g6 7. e4 Bg7 8. Be2 0-0 9. 0-0 Na6 10. Nd2 Nc7 11. a4 b6 12. Nc4 Ba6 13. Qc2 Bxc4 14. Bxc4 a6 15. f3 Rb8 16. Qe2 Qc8 17. Rb1 Nd7 18. Bd2 Qb7 19. b4 Ne5 20. bxc5 dxc5 21. d6 Ne6 22. Bxa6 Qa7 23. Rfd1 Nd4 24. Qf1 f5 25. Bc4+ Kh8 26. Bd5 Qd7 27. Be3 Nf7 28. Nb5 Nxb5 29. axb5 Nxd6 30. Qd3 Qe7 31. Bd2 fxe4 32. fxe4 Qf6 33. Kh1 Nf7 34. Rf1 Qe7 35. Bc3 Ne5 36. Qg3 Rbe8 37. Ra1 c4 38. Rad1 Rc8 39. h3 Qc7 40. Be6 Rcd8 41. Bd5 Rc8 42. Rb1 Rce8 43. Rbc1 Rc8 44. Rf4 Rxf4 45. Qxf4 Rf8 46. Bxe5 Qxe5 47. Qxe5 Bxe5 48. Bxc4 Rc8 49. Kg1 Kg7 50. Rc2 Rc5 51. Kf2 Kf6 52. Ke3 Rc7 53. Kd3 Ra7 54. Bb3 Rc7 55. Bc4 Ra7 56. Bd5 Ra3+ 57. Kc4 Bd6 58. Bg8 Kg7 59. Be6 Bc5 60. Kd5 Rd3+ 61. Kc6 Rd6+ 62. Kc7 Rxe6 63. Re2 Kf6 64. h4 Ke5 65. Kd7 Rd6+ 66. Kc7 Rd3 67. g4 Re3 68. Rd2 Rxe4 69. Rd7 Kf6 70. g5+ Kf5 71. Rxh7 Re7+ 72. Rxe7 Bxe7 73. Kxb6 Bd6 0-1